|
|
|
|
| LEADER |
00857naa a2200289 a 4500 |
| 001 |
000080296 |
| 003 |
SVKKK |
| 005 |
20060810103458.0 |
| 008 |
060810c2000 xr e cze |
| FMT |
|
|
|
| 038 |
|
|
|a SVKKK
|
| 040 |
|
|
|a SVKKK
|b slo
|e AACR2
|
| 041 |
0 |
|
|a cze
|
| 044 |
|
|
|a xr
|c SK
|
| 080 |
|
|
|a 006.83
|2 1997
|
| 080 |
|
|
|a 543.07
|2 1997
|
| 100 |
1 |
|
|a Bogumská, Iva
|4 aut
|
| 245 |
1 |
0 |
|a Úloha mezilaboratorních porovnávacích zkoušek v systému jakosti
|c Iva Bogumská
|
| 300 |
|
|
|b Obr., tab.
|
| 650 |
0 |
4 |
|a analytika hutnícka
|x laboratória
|x akreditácia
|
| 650 |
0 |
4 |
|a systémy akosti
|x skúšky porovnávacie medzilaboratórne
|x normy ČSN
|
| 773 |
0 |
|
|t Hutnícka analytika 2000
|d Český Těšín : Ing. Václav Helán - 2 Theta, 2000
|z 80-86380-01-7
|g S. 30-35
|
| 958 |
|
|
|a CZ
|
| 992 |
|
|
|a RZB
|
| BAS |
|
|
|
| 852 |
|
|
|a SVKKK
|b BIB
|
| 998 |
|
|
|a HUT
|